000 00713cam a22002297a 4500
001 001787
003 armpunfd
005 20140612090650.0
008 050929e0####xx#a##########000#0#und#d
040 _aarmpunfd
_carmpunfd
080 _a342.9 AB 37
100 1 0 _a Aberastury, P.
245 1 0 _aLegislacion administrativa con jurisprudencia aberastury
260 _a Uenos Aires : La Ley
_b1983. Isbn : 950-527-002-X. 641 P.
650 7 _a Accion De Amparo
_2LEMB
650 7 _a Derecho Administrativo
_2LEMB
650 7 _a Jurisprudencia
_2LEMB
650 7 _a Legislacion Administrativa
_2LEMB
650 7 _a Procedimiento Administrativo
_2LEMB
942 _cLB
_2cdu
945 _aCatalis
_d2010-08-19
999 _c1778
_d232282